Conflicting decisions in international investment arbitration monograph

Salvato in:
Dettagli Bibliografici
Autore principale: Brocková, Katarína, 1976-
Altri autori: Belov, Dmytro, Burian, Alexander D., Mráz, Stanislav
Natura: Libro
Lingua:inglese
Pubblicazione: Uzhhorod LIRA 2016
Edizione:1st ed.
Soggetti:
Tags: Aggiungi Tag
Nessun Tag, puoi essere il primo ad aggiungerne!!

MARC

LEADER 00000nam a2200000 4500
001 0222248
005 20240502083551.0
020 |a 978-617-596-227-5 
041 0 |a eng 
044 |a UA 
245 1 0 |a Conflicting decisions in international investment arbitration  |b monograph  |c Katarína Brocková ; reviewers: Dmytro Belov, Alexandru Burian, Stanislav Mráz 
250 |a 1st ed. 
264 1 |a Uzhhorod  |b LIRA  |c 2016 
300 |a 102 s. [6,1 AH] 
610 2 0 |a arbitráž 
610 2 0 |a investície 
610 2 0 |a arbitráž obchodná medzinárodná 
610 2 0 |a rozhodovanie 
610 2 0 |a konflikty 
610 2 0 |a oceňovanie 
610 2 0 |a porovnanie medzinárodné 
610 2 0 |a štúdie prípadové 
610 2 0 |a právo medzinárodné 
610 2 0 |a legislatíva 
100 1 |a Brocková, Katarína, 1976- 
700 1 |a Belov, Dmytro 
700 1 |a Burian, Alexander D. 
700 1 |a Mráz, Stanislav